000 00890nam a2200181Ia 4500
008 151202s9999||||xx |||||||||||||| ||und||
082 _bPNVM-82374
100 _aसेवेकर सुधीर.
245 _aइंडियन कॉर्पोरेट आइडॉल्स-14 उद्योजकांच्या यशोगाथा.
260 _bसाकेत प्रकाशन औरंगाबाद.
260 _c2013
300 _a176
600 _aसेवेकर सुधीर.
630 _aइंडियन कॉर्पोरेट आइडॉल्स-14 उद्योजकांच्या यशोगाथा.
700 _aसेवेकर सुधीर.
730 _aइंडियन कॉर्पोरेट आइडॉल्स-14 उद्योजकांच्या यशोगाथा.
942 _cBOOK
999 _c1346982
_d1346979